Statistics for Batman Characters

Click here to take the quiz!

General Stats

  • This quiz has been taken 65 times
  • The average score is 38 of 63

Answer Stats

hintAnswer% Correct
caped crusaderBatman
100%
Clown prince of crimeJoker
98%
Selina KyleCatwoman
96%
son of batmanDamian Wayne
95%
Batman's motherMartha Wayne
95%
Oswald CobblepotPenguin
95%
Tim DrakeRobin
95%
Batman's fatherThomas Wayne
95%
Harleen QuinzelHarley Quinn
93%
commissionerJim Gordon
93%
Edward NigmaRiddler
93%
Harvey DentTwo-Face
93%
Barbara GordonBatgirl
91%
Dick GraysonNightwing
91%
Johnathon CraneScarecrow
91%
Broke the batBane
89%
caped crusader by dayBruce wayne
89%
butlerAlfred Pennyworth
87%
Victor FriesMr Freeze
87%
Pamela IsleyPoison Ivy
87%
Floyd LawtonDeadshot
85%
Engineer and DesignerLucius Fox
82%
The Demon's HeadRa's al Ghul
82%
Slade WilsonDeathstroke
80%
Jason ToddRed Hood
80%
Jervis TetchMad Hatter
78%
daughter of the demon's headTalia al Ghul
78%
Roman SionisBlack Mask
73%
Dr Kirk LangstromMan-Bat
73%
Waylon JonesKiller Croc
71%
Basil KarloClayface
67%
Thomas ElliotHush
65%
Killed batman's parentsJoe Chill
64%
Born on a MondaySolomon Grundy
60%
Helena BertinelliHuntress
56%
Julian Gergory DayCalendar Man
53%
Garfield LynnsFirefly
53%
Ventriloquist's DummyScarface
51%
Female reporterVicki Vale
51%
distrubed psychologistDr Hugo Strange
49%
Stephanie BrownThe Spoiler
45%
Arthur BrownCluemaster
44%
Cassandra CainOrphan
42%
descendant of ZeusMaxie Zeus
40%
GCPD officerHarvey Bullock
38%
mother of Cassandra CainLady Shiva
35%
Batman and joker combinedBatman Who Laughs
33%
Anatoli KnyazevKGBeast
29%
The RomanCarmine Falcone
25%
Lonnie MachinAnarky
24%
Victor ZsaszMr Zsasz
24%
VentriloquistArnold Wesker
22%
Male ReporterJack Ryder
22%
works with the mad hatterTweedledee
22%
works with the mad hatterTweedledum
22%
from another dimensionBat-Mite
18%
Warren WhiteGreat White Shark
18%
Dr Francine LangstromShe-Bat
18%
Dr Alex SartoriusDr Phosphorus
15%
Head of Arkham AsylumJeremiah Arkham
15%
Charlie BrownKite-man
15%
Bat-GodBarbatos
11%
named after part of the brainAmygdala
7%

Score Distribution

Percentile by Number Answered

Percent of People with Each Score

Your Score History

You have not taken this quiz